<?xml version="1.0" encoding="UTF-8"?>
<marc:record xmlns:marc="http://www.loc.gov/MARC21/slim">
   <marc:leader>00000nam a2200000 a 4500</marc:leader>
   <marc:datafield ind1="1" ind2=" " tag="100">
      <marc:subfield code="a">Blade, Adam</marc:subfield>
      <marc:subfield code="4">aut</marc:subfield>
      <marc:subfield code="e">Verfasser/-in</marc:subfield>
   </marc:datafield>
   <marc:datafield ind1="0" ind2="0" tag="245">
      <marc:subfield code="a">Beast Quest, Bd. 40</marc:subfield>
   </marc:datafield>
   <marc:datafield ind1="0" ind2="0" tag="245">
      <marc:subfield code="b">Madara die Höllenkatze</marc:subfield>
   </marc:datafield>
   <marc:datafield ind1="0" ind2="0" tag="245">
      <marc:subfield code="c">Blade, Adam</marc:subfield>
   </marc:datafield>
   <marc:datafield ind1=" " ind2="1" tag="264">
      <marc:subfield code="c">2015</marc:subfield>
   </marc:datafield>
   <marc:datafield ind1="1" ind2=" " tag="520">
      <marc:subfield code="a">Ein heftiger Sturm zieht auf &#x96; ein neues Biest ist durch das magische Portal gekommen: Madara, die Höllenkatze. Schonungslos greift sie jeden an, der sich ihr nähert. Für Tom beginnt ein gefährliches Katz-und-Maus-Spiel, denn das Biest hat es auf Elenna abgesehen ... Malvel ist zurück! Er hat dem guten Zauberer Oradu seine Kräfte geraubt und schreckliche Biester ins Königreich Tavania gebracht. Wird es Tom gelingen, die sechs magischen Gegenstände von Oradu zu finden, um ihn zu befreien? Actionreiche Fantasy, spannende Missionen und gefährliche Biester! Die erfolgreiche Kinderbuch-Reihe mit zahlreichen Illustrationen ist besonders für Jungs ab 8 Jahren geeignet. Mehr Infos rund um Beast Quest und tolle Extras unter: www.beastquest.de</marc:subfield>
   </marc:datafield>
   <marc:datafield ind1=" " ind2=" " tag="020">
      <marc:subfield code="a">9783785581360</marc:subfield>
      <marc:subfield code="9">9783785581360</marc:subfield>
   </marc:datafield>
   <marc:datafield ind1=" " ind2=" " tag="020">
      <marc:subfield code="a">378558136X</marc:subfield>
      <marc:subfield code="9">378558136X</marc:subfield>
   </marc:datafield>
   <marc:datafield ind1=" " ind2=" " tag="338">
      <marc:subfield code="a">Band</marc:subfield>
   </marc:datafield>
   <marc:datafield ind1=" " ind2=" " tag="300">
      <marc:subfield code="a">122 S.</marc:subfield>
   </marc:datafield>
</marc:record>
